Landen van Azië - Statistieken

Algemene statistieken
  • Deze quiz is 3.507 keer genomen
  • De gemiddelde score is 37 van 48
Antwoorden op de kaart
Antwoorden kleurgecodeerd door een groen-rode schaal op de quizkaart volgens % correct hieronder.
 
Antwoordstatistieken
Land % Correct
China
99%
Japan
97%
India
96%
Noord-Korea
94%
Zuid-Korea
94%
Indonesië
93%
Turkije
93%
Iran
91%
Mongolië
91%
Irak
90%
Thailand
88%
Kazachstan
87%
Saoedi-Arabië
87%
Israël
84%
Pakistan
84%
Vietnam
84%
Filipijnen
82%
Afghanistan
81%
Jemen
81%
Nepal
78%
Syrië
77%
Taiwan
77%
Sri Lanka
76%
Oman
75%
Qatar
75%
Turkmenistan
75%
Oezbekistan
73%
Verenigde Arabische Emiraten
73%
Cyprus
72%
Laos
72%
Georgië
71%
Maleisië
71%
Bangladesh
70%
Singapore
69%
Jordanië
68%
Armenië
67%
Azerbeidzjan
67%
Cambodja
65%
Myanmar
65%
Bhutan
63%
Koeweit
61%
Libanon
61%
Kirgizië
60%
Bahrein
58%
Tadzjikistan
57%
Maldiven
54%
Oost-Timor
53%
Brunei
52%
Geen overeenkomende quizzen gevonden
Scoreverdeling
Procent van Mensen met Elke Score
Percentiel versus Aantal Correcte Antwoorden
Uw Scoregeschiedenis
U heeft deze quiz nog niet genomen